000 01149cam a22003131 4500
999 _c23739
_d23739
001 8750664
003 BDDh-ASL
005 20231015030300.0
008 750919s1929 e b 000 0 eng
010 _a 31021746
035 _a(OCoLC)1636824
040 _aDLC
_cNFredU
_dOCoLC
_dDLC
_dBDDh-ASL
041 1 _aengara
050 0 0 _aB753.I53
_bR53 1929
082 _a922.97
_bABH
100 2 _aIbn Ṭufayl, Muḥammad ibn ʻAbd al-Malik,
_d-1185.
240 1 0 _aRisālat Ḥayy ibn Yaqẓān.
_lEnglish
245 1 4 _aThe history of Hayy ibn Yaqzan /
_cby Abu Bakr ibn Tufail. Translated from the Arabic by Simon Ockley.
250 _aRevised,
_bwith an introduction by A.S. Fulton.
260 _aNew York,
_aLondon:
_bFrederick A. Stokes Company
_bChapman and Hall Limited,
_c[1929]
300 _a179 p., 2 p. l.
_bfront.
_c23 cm.
490 0 _aThe Treasure house of Eastern story
500 _aPrinted in Great Britain.
504 _aBibliography: leaf at end.
700 1 _aOckley, Simon,
_d1678-1720,
_etr.
700 1 _aFulton, A. S.
_q(Alexander Strathern)
906 _a7
_bcbc
_coclcrpl
_du
_encip
_f19
_gy-gencatlg
942 _2ddc
_cBK